Pays moins nordiques au monde - Statistiques

Statistiques générales
  • Ce quiz a été pris 63 fois
  • Le résultat moyen est 11 sur 15
Statistiques - réponses
Positions Réponse % Correct
5 Afrique du Sud
100%
🥉 Australie
98%
🥇 Chili
97%
4 Nouvelle Zélande
97%
🥈 Argentine
93%
6 Uruguay
90%
8 Lesotho
85%
12 Paraguay
85%
7 Brésil
83%
11 Madagascar
76%
9 Namibie
76%
10 Mozambique
69%
15 Pérou
59%
14 Bostwana
0%
13 Swaziland (Eswanie)
0%
Aucun quiz correspondant
Distribution des résultats
% des personnes avec chaque résultat
Percentile par nombre de réponses
Votre historique - résultats
Vous n’avez pas pris ce quiz